| 000 | 01566cad a22003615a 4500 | ||
|---|---|---|---|
| 001 | L154502 | ||
| 008 | 111216s2011 xxk f 000 0 eng d | ||
| 035 | _a(Sirsi) u154502 | ||
| 041 | 0 | _aeng | |
| 110 | 2 | _aConstruction Sector Transparency Initiative | |
| 245 | 0 | 0 |
_aConstruction Sector Transparency Initiative _bCoST _h[electronic resource] |
| 260 |
_aBrussels _bTransparency International _c2011 |
||
| 520 | _aThe Construction Sector Transparency Initiative (CoST) is an international multi-stakeholder initiative to increase transparency and accountability in publicly financed construction. It is supported by the Department for International Development (DFID) and the World Bank. After being piloted in eight countries (Ethiopia, Guatemala, Malawi, the Philippines, Tanzania, United Kingdom, Vietnam and Zambia) it is currently being scaled up to become a global initiative. | ||
| 590 | _aKA NTK | ||
| 651 | 4 | _aInternational | |
| 651 | 4 | _aEthiopia | |
| 651 | 4 | _aGuatemala | |
| 651 | 4 | _aMalawi | |
| 651 | 4 | _aThe Philippines | |
| 651 | 4 | _aTanzania | |
| 651 | 4 |
_aUnited Kingdom _y |
|
| 651 | 4 | _aVietnam | |
| 651 | 4 | _aZambia | |
| 651 | 4 | _aMENEA | |
| 651 | 4 | _aLatin America | |
| 651 | 4 | _aASEAN | |
| 690 | _aMANAGEMENT-BUSINESS MANAGEMENT-PROFESSIONAL PRACTICE | ||
| 690 | _aBUILT ENVIRONMENT-CONSTRUCTION MARKET | ||
| 690 |
_aProject management _96261 |
||
| 690 | _aBUILT ENVIRONMENT-CONSTRUCTION MANAGEMENT | ||
| 856 | 4 | 0 |
_uhttps://www.constructiontransparency.org/ _zView the website at www.constructiontransparency.org |
| 942 | _n0 | ||
| 999 |
_c113016 _d113016 |
||